Statistics for Famous NBA Duos

Click here to take the quiz!

General Stats

  • This quiz has been taken 2,783 times
  • The average score is 13 of 19

Answer Stats

Player 1Player 2% Correct
Dwyane WadeLeBron James
99%
Scottie PippenMichael Jordan
90%
Shaquille O'NealKobe Bryant
89%
Russell WestbrookKevin Durant
88%
David RobinsonTim Duncan
88%
John StocktonKarl Malone
85%
Paul PierceKevin Garnett
78%
Kevin McHaleLarry Bird
78%
Joe DumarsIsiah Thomas
77%
Magic JohnsonKareem Abdul Jabbar
74%
Bob CousyBill Russell
62%
Moses MaloneJulius Erving
60%
Jerry WestWilt Chamberlain
58%
Lew AlcindorOscar Robertson
50%
Clyde DrexlerHakeem Olajuwon
49%
Steve NashDirk Nowitzki
45%
Tim HardawayAlonzo Mourning
31%
Wes UnseldElvin Hayes
28%
Dave CowensJohn Havlicek
24%

Score Distribution

Percentile by Number Answered

Percent of People with Each Score

Your Score History

You have not taken this quiz